000 00350nam a22001337a 4500
008 171207b xxu||||| |||| 00| 0 eng d
020 _a9780415537353
041 _aeng
080 _27 ED
_a32
100 _a20
101 _aPOL
245 _aAMERICAN GONVERNMENT POLITICAL DEVELOPMENT AND INSTITUTIONAL CHANGE
_cJILLSON.C
942 _2udc
_cBK
999 _c38800
_d38800